| 000 | 00878cam a2200301Mi 4500 | ||
|---|---|---|---|
| 001 | 93402 | ||
| 005 | 20230410132922.0 | ||
| 008 | 930405s19779999sp 000 0 und d | ||
| 035 | _a(OCoLC)ocn632499685 | ||
| 040 |
_aDE-604 _erakddb _bger _cDEBBG |
||
| 020 | _a8424935322 | ||
| 020 | _a9788424935320 | ||
| 029 | 0 |
_aDEBBG _bBV006888573 |
|
| 035 | _a(OCoLC)632499685 | ||
| 050 | 1 | 4 |
_aB 171 _bB582 1977 |
| 130 | 1 | _aBiblioteca Clásica Gredos. | |
| 245 | 1 | 4 |
_aLos filósofos presocráticos II / _cintrod. general por Conrado Eggers Lan. |
| 260 |
_aMadrid : _bGredos, _c1977. |
||
| 300 | _a426 p. | ||
| 440 | 0 |
_aBiblioteca clásica Gredos ; _vn.24 |
|
| 650 | 0 | _aPhilosophy, Classical. | |
| 650 | 0 | _aPhilosophy, Ancient. | |
| 650 | 0 |
_aPhilosophers, Ancient _xBiography |
|
| 700 | 1 | _aEggers Lan, Conrado. | |
| 942 |
_2lcc _cbk |
||
| 946 | _amjcruz | ||
| 994 |
_aC0 _bDRFGD |
||
| 999 |
_c90165 _d90165 |
||